| 000 | 00551nam a2200181 a 4500 | ||
|---|---|---|---|
| 005 | 20140311163009.0 | ||
| 008 | 051020s19uu xx 00 eng d | ||
| 020 | _a0-7619-7070-3 | ||
| 050 |
_aP 96.T42 _b.H65 2005 |
||
| 100 | _aHolmes, David | ||
| 245 |
_aCommunication theory : _bmedia, technology, society / _cDavid Holmes. |
||
| 260 |
_aLondon : _bSage Publications Ltd, _cc2005. |
||
| 300 |
_axiv, 255 p. : _c23 cm. |
||
| 650 | _aMass media and technology. | ||
| 650 |
_aMass media _xSocial aspects. |
||
| 942 |
_cBK _2lcc _kFOR |
||
| 999 |
_c39354 _d39354 |
||